| 000 | 01270cam a22003134a 4500 | ||
|---|---|---|---|
| 001 | 13998521 | ||
| 003 | NUST-PNEC | ||
| 005 | 20170116180654.0 | ||
| 008 | 050610s2006 flua b 001 0 eng | ||
| 010 | _a 2005049392 | ||
| 020 | _a0849341884 (alk. paper) | ||
| 035 | _a(OCoLC)ocm60664428 | ||
| 040 |
_aDLC _cDLC _dOCLCQ _dBAKER _dC#P _dDLC |
||
| 042 | _apcc | ||
| 050 | 0 | 0 |
_aTK7872.R38 _bG87 2006 |
| 082 | 0 | 0 | _a621.317 GUR |
| 100 | 1 |
_aGurevich, Vladimir, _d1956- |
|
| 245 | 1 | 0 |
_aElectric relays : _bprinciples and applications / _cVladimir Gurevich. |
| 260 |
_aBoca Raton, FL : _bCRC/Taylor & Francis, _c2006. |
||
| 300 |
_axxvi, 671 p. : _bill. ; _c27 cm. |
||
| 440 | 0 |
_aElectrical and computer engineering ; _v130 |
|
| 504 | _aIncludes bibliographical references (p. 659-666) and index. | ||
| 650 | 0 |
_aElectric relays. _xEE, EL |
|
| 856 | 4 | 1 |
_3Table of contents only _uhttp://www.loc.gov/catdir/toc/fy0612/2005049392.html |
| 856 | 4 | 2 |
_3Publisher description _uhttp://www.loc.gov/catdir/enhancements/fy0648/2005049392-d.html |
| 906 |
_a7 _bcbc _corignew _d1 _eocip _f20 _gy-gencatlg |
||
| 942 |
_2ddc _cBK |
||
| 999 |
_c60316 _d60316 |
||